Statistics for Famous Rock Albums

Click here to take the quiz!

General Stats

  • This quiz has been taken 51 times
  • The average score is 10 of 20

Answer Stats

ArtistYear ReleasedAlbum% Correct
Pink Floyd1973Dark Side Of The Moon
87%
Eagles1976Hotel California
84%
Nirvana1991Nevermind
79%
Guns N' Roses1987Appetite for Destruction
63%
Fleetwood Mac1977Rumours
63%
AC/DC1980Back In Black
61%
The Beatles1970Let It Be
58%
The Clash1979London Calling
58%
U21987The Joshua Tree
58%
The Jimi Hendrix Experience1967Are You Experienced
53%
Radiohead1997OK Computer
53%
Queen1975A Night At The Opera
50%
Bruce Springsteen1975Born to Run
47%
The Beach Boys1966Pet Sounds
45%
The Who1971Who's Next
39%
Led Zeppelin1975Physical Graffiti
29%
The Doors1971LA Woman
26%
The Rolling Stones1969Let It Bleed
26%
Rush1981Moving Pictures
24%
Bob Dylan1966Blonde on Blonde
18%

Score Distribution

Percentile by Number Answered

Percent of People with Each Score

Your Score History

You have not taken this quiz